Metadiscourse: exploring interaction in writing
Guardat en:
| Autor principal: | |
|---|---|
| Format: | Llibre |
| Idioma: | anglès |
| Publicat: |
Londres
Continuum
2005
|
| Edició: | 1a. ed |
| Col·lecció: | Continuum Discourse Series
|
| Matèries: | |
| Etiquetes: |
Afegir etiqueta
Sense etiquetes, Sigues el primer a etiquetar aquest registre!
|
MARC
| LEADER | 00000nam a2200000 a 4500 | ||
|---|---|---|---|
| 001 | UCK8410 | ||
| 003 | CL-VaPUC | ||
| 008 | 060317e20050000UK |||||||||||||||||eng|d | ||
| 020 | |a 0826476112 | ||
| 082 | 0 | 4 | |a 808.001 |b HYL |2 21 |
| 100 | |a Hyland, Ken |e author |9 570481 | ||
| 245 | 1 | 0 | |a Metadiscourse: exploring interaction in writing |
| 250 | |a 1a. ed | ||
| 300 | |a 230 p | ||
| 942 | |c BK | ||
| 945 | |d 20060317 00:00:00 |a cmena | ||
| 260 | |a Londres |b Continuum |c 2005 | ||
| 650 | 0 | |a Retórica |9 266620 | |
| 650 | 0 | |a Análisis del discurso |9 256696 | |
| 650 | 0 | |a Investigación lingüística |9 329785 | |
| 583 | |a last modification |c 20060317 00:00:00 |k Rodrigo Vera | ||
| 490 | 0 | |a Continuum Discourse Series | |
| 999 | |c 316062 |d 316060 | ||
| 952 | |0 0 |1 0 |4 0 |6 808_001000000000000_HYL_2005 |7 0 |8 A |9 390148 |a FDOPOS |b FDOPOS |d 2019-11-22 |i 4209745 |o 808.001 HYL 2005 |p 4209745 |r 2025-01-22 |w 2019-11-22 |y BK |k MLA | ||